| 000 | 00578nam a2200181 a 4500 | ||
|---|---|---|---|
| 001 | 12297 | ||
| 003 | CO-ViMGA | ||
| 008 | 141112s2004 ck r 000 u spa d | ||
| 040 |
_aCO-ViMGA _bspa _cCO-ViMGA |
||
| 082 | 0 | 4 | _aCo863.6 D86n |
| 100 | 1 |
_aDuque, Lopez Alberto _917537 |
|
| 245 | 1 | 0 | _aNueva historia de Mateo el flautista |
| 260 |
_aBogotá : _bSalomon Lerner, _c1968 |
||
| 300 | _a172p. | ||
| 590 | _aForma de adquisición : DONACION - - Proveedor : DR RAFAEL SALAMANCA - - Fecha de adquisición : 31 - 01 - 2001 | ||
| 650 | 1 | 4 |
_aNOVELA COLOMBIANA _91193 |
| 942 |
_2ddc _cBK |
||
| 999 |
_c23309 _d23309 |
||